00349nam a2200145Ia 4500008004100000041000800041082001500049100001300064245003300077260004200110300000800152500000700160520000900167650002700176230516s9999 xx 000 0 und d aeng a541.3bGAU aGAUD R.S aPRACTICAL PHYSICAL PHARMACY  bC.B.S. PUBLISHERS & DISTRUTORS c2001 a230 aPB aPHYP aPHYSICAL PHARMACEUTICS